• 首页
  • 本馆介绍
  • 公告通知
  • 最新文献
  • 馆藏检索
  • 电子资源
  • 读者导购
  • 参考咨询
  • 我的图书馆
  • 登录
  • 详细信息显示
  • 放入我的书架
  • 预约/预借图书
  • 作者相关作品
  • 分类相关作品
  • 丛书相关作品
  • 出版社相关作品

书目信息

  • 表格格式
  • 工作单格式
  • 卡片格式
题名:
GJB5000《军用软件能力成熟度模型》实施指南
    
 
作者: 何新贵 编著
分册:  
出版信息: 北京   国防工业出版社  2004
页数: 197页
开本: 26cm
丛书名:
单 册:
中图分类: E919-62
科图分类:
主题词: 军用计算机--软件工程--国家标准--中国 , 军用计算机 , 软件工程
电子资源:
ISBN: 7-118-03417-7
000 00875nam0 2200241 450
001 002652621
005 20061107102644.62
010    @a7-118-03417-7@dCNY48.00
100    @a20040527d2004 em y0chiy0110 ea
101 0  @achi
102    @aCN@b110000
105    @ay z 000yy
200 1  @aGJB5000《军用软件能力成熟度模型》实施指南@9GJB5000 《 jun yong ruan jian neng li cheng shu du mo xing 》 shi shi zhi nan@f何新贵等编著
210    @a北京@c国防工业出版社@d2004
215    @a197页@d26cm
330    @a本书详尽介绍了此模型所涉及的概念、术语和每个关键过程域及其关键实践,并对如何贯彻实施GJB5000、如何进行软件过程改进从初始级向可重复级过渡等进行介绍。
606 0  @a军用计算机@x软件工程@x国家标准@y中国
606 0  @a军用计算机
606 0  @a软件工程
690    @aE919-62@v4
701  0 @a何新贵@9he xin gui@4编著
801  0 @aCN@bNLC@c20061107
905    @a10447@dE919-62@e4
    
    GJB5000《军用软件能力成熟度模型》实施指南/何新贵等编著.-北京:国防工业出版社,2004
    197页;26cm
    
    
    ISBN 7-118-03417-7:CNY48.00
    本书详尽介绍了此模型所涉及的概念、术语和每个关键过程域及其关键实践,并对如何贯彻实施GJB5000、如何进行软件过程改进从初始级向可重复级过渡等进行介绍。
●
相关链接 在E读中查询图书 在五车中查询图书 在当当中查询图书 在豆瓣中查询图书


正题名:GJB5000《军用软件能力成熟度模型》实施指南     索取号:E919-62/4         预约/预借

序号 登录号 条形码 馆藏地/架位号 状态 备注
1 0381734   203817343   第一样本阅览室/ [索取号:E919-62/4] 在馆    
唐山师范学院图书馆 欢迎您!
大连网信软件有限公司© 版权所有